Derecho Eclesiástico del Estado
Saved in:
| Main Authors: | , , , , , , , |
|---|---|
| Format: | Book |
| Language: | Spanish |
| Published: |
Valencia
Tirant Lo Blanch
2016
|
| Edition: | 2a. ed |
| Subjects: | |
| Tags: |
Add Tag
No Tags, Be the first to tag this record!
|
MARC
| LEADER | 00000cam a2200000 a 4500 | ||
|---|---|---|---|
| 001 | UCC6783 | ||
| 003 | CL-VaPUC | ||
| 008 | 190111e20160000sp |||||||||||||||||spa|d | ||
| 020 | |a 9788491195405 | ||
| 082 | 0 | 4 | |a 262.9 |b SUA |2 21 |
| 100 | 0 | |a Suárez Pertierra, Gustavo |e author |9 601276 | |
| 700 | 0 | |a Souto Galván, Esther |e author |9 601277 | |
| 700 | 0 | |a Ciáurriz Labiano, María José |e author |9 601278 | |
| 700 | |a Regueiro García, María Teresa |e author |9 603937 | ||
| 700 | 0 | |a Rodríguez Moya, Almudena |e author |9 601280 | |
| 700 | 0 | |a Ariza Robles, M. Amelia |e author |9 601281 | |
| 700 | 0 | |a Pérez Alvarez, Salvador |e author |9 601282 | |
| 700 | 0 | |a Pelayo Olmedo, José Daniel |e author |9 601283 | |
| 245 | 1 | 0 | |a Derecho Eclesiástico del Estado |
| 250 | |a 2a. ed | ||
| 300 | |a 373 p | ||
| 942 | |c BK | ||
| 945 | |d 20190111 14:04:00 |a dcastane | ||
| 260 | |a Valencia |b Tirant Lo Blanch |c 2016 | ||
| 650 | 0 | |a Derecho eclesiástico |9 255055 | |
| 650 | 0 | |a Iglesia y Estado |9 254995 | |
| 650 | 7 | |a LIBERTAD RELIGIOSA |2 CL-VaPUC |9 601284 | |
| 583 | |a last modification |c 20190111 14:04:00 |k Rodrigo Vera | ||
| 999 | |c 373639 |d 373637 | ||
| 952 | |0 0 |1 0 |3 erb |4 0 |6 262_900000000000000_SUA_2016 |7 0 |8 A |9 491833 |a BIBDER |b BIBDER |i 5528194 |l 2 |o 262.9 SUA 2016 |p 5528194 |r 2024-10-03 |s 2024-09-26 |w 2019-11-24 |y BK |z Catalogado en:20190111 |k DER | ||